| 000 | 01574nam a22003137a 4500 | ||
|---|---|---|---|
| 001 | 074 | ||
| 003 | DO-SdBPM | ||
| 005 | 20250516122044.0 | ||
| 008 | 150918b1997 sp 00| 0 spa d | ||
| 020 | _a8434219360 | ||
| 040 |
_aDO-SdBPM _bspa _cBPMSU |
||
| 082 | 4 |
_a372.66 _bL253b 1997 _222 |
|
| 100 | 1 |
_aLanda, Thomas Joseph _d1959- |
|
| 245 | 1 | 0 |
_a La belle durmiente : _bescenarios, vestuarios y decoraciones / _cThomas Joseph Labda, Norbert Landa |
| 246 | 1 | 4 |
_aTeatro para niños : _bvestuario, obras y actividades |
| 260 |
_aBarcelona : _bParramón Ediciones, _c1997 |
||
| 300 |
_a63 p. : _bils, ; _c27 cm. |
||
| 490 | 0 | _aTeatro infantil | |
| 500 | _3dirigido a grupos, escuelas y talleres de teatro | ||
| 506 | _a "La obra Teatro para niños es una valiosa herramienta pedagógica que corrobora la efectividad de la enseñanza a través de los medios audiovisuales. Una obra para que los niños se diviertan actuando con mucha magia y color. Consiste de 15 Obras de teatro para representar, material ideal para profesores, docentes de teatro que están comenzando a enseñar en colegios de nivel inicial/ primario, etc. Ejemplar que contiene actividades, obras diversas, consejos para abordar una función teatral, gráficos que muestran los diferentes vestuarios y mas..." | ||
| 590 | _aInventariado, 2025/VM | ||
| 650 | 4 | _aTeatro escolar infantil | |
| 650 | 4 |
_aTeatro _xestudio y enseñanza |
|
| 650 | 4 | _aTeatro australiano | |
| 650 | 4 | _a | |
| 700 | 1 |
_a Landa, Norbert _eautor |
|
| 910 | _aVMateo V. Control de calidad. BPMSU | ||
| 942 |
_2ddc _cBK |
||
| 999 |
_c15059 _d15059 |
||